Instrumentación electrónica.

Bibliographic Details
Main Author: Mandado Pérez, Enrique
Format: Section = Libro
Language:Undetermined
Spanish
Published: México Alfaomega 1996
Subjects:
LEADER 00686nam a2200217Ia 4500
008 240829s9999 xx 000 0 und d
020 |a 970-15-0150-0 
040 |a BIBLIOTECA-RUPAP 621.381 M271 
041 |a spa 
082 |a 621.381 M271 
100 1 |a Mandado Pérez, Enrique  
245 1 0 |a Instrumentación electrónica. 
260 |a México  |b Alfaomega  |c 1996 
300 |a 489 p. :il. 
650 7 |a INGENIERIA ELECTRONICA 
650 7 |b  OSCILOSCOPIOS 
650 7 |c  INSTRUMENTOS DE MEDIDAD - ELECTRONICA 
650 7 |d  GENERADORES DE SEÑALES. I. Malvino Espineira, Perfecto, coaut. II. Lago Ferreira, Alfonso, coaut. III. Tít. 
942 |c BK  |2 ddc 
991 |a TEXTO 
999 |c 9069